[Event "AUTO-ADV-1265"]
[Site "http://www.queenalice.com/game.php?id=560717"]
[Date "2009.3.24"]
[Round "1"]
[White "doriam"]
[Black "FOS2006"]
[Result "1-0"]
[WhiteElo "1658"]
[BlackElo "1668"]

1. e4 e5 2. Nf3 d6 3. Bc4 Qe7 4. d3 Be6 5. Nbd2 Nc6 6. a3 O-O-O 7. h3 Bxc4 8.
Nxc4 Nd4 9. Be3 Nxf3+ 10. Qxf3 b6 11. a4 a5 12. Bxb6 cxb6 13. Nxb6+ Kb7 14. Qe3
Qc7 15. Nd5 Qc6 16. O-O Qc5 17. d4 exd4 18. Qb3+ Kc6 19. c3 Ne7 20. cxd4 Qa7 21.
Rac1+ Kd7 22. Rc7+ Qxc7 23. Nxc7 Kxc7 24. d5 Rb8 25. Rc1+ Nc6 26. Rxc6+ Kd7 27.
Qxb8 Ke7 28. Qxd6+ Ke8 29. Rc8# 1-0

[Event "AUTO-ADV-1265"]
[Site "http://www.queenalice.com/game.php?id=560730"]
[Date "2009.3.24"]
[Round "1"]
[White "doriam"]
[Black "clabrada"]
[Result "0-1"]
[WhiteElo "1677"]
[BlackElo "1837"]

1. e4 c5 2. Nf3 d6 3. d4 cxd4 4. Nxd4 Nf6 5. Nc3 a6 6. Nf3 Nc6 7. Bc4 e6 8. O-O
Be7 9. a3 O-O 10. h3 b5 11. Bd3 Qc7 12. Re1 Rd8 0-1

[Event "AUTO-ADV-1265"]
[Site "http://www.queenalice.com/game.php?id=560731"]
[Date "2009.3.24"]
[Round "1"]
[White "clabrada"]
[Black "doriam"]
[Result "1-0"]
[WhiteElo "1847"]
[BlackElo "1667"]

1. e4 e5 2. Nf3 Nc6 3. Bb5 Nd4 4. Nxd4 exd4 5. O-O a6 6. Bc4 Bd6 7. f4 Bc5 8. d3
d6 9. f5 Nf6 10. Bg5 h6 11. Bh4 c6 12. Nd2 d5 13. exd5 1-0

[Event "AUTO-ADV-1265"]
[Site "http://www.queenalice.com/game.php?id=560732"]
[Date "2009.3.24"]
[Round "1"]
[White "doriam"]
[Black "Shortquick"]
[Result "1-0"]
[WhiteElo "1688"]
[BlackElo "1942"]

1. d4 g6 2. e4 Bg7 3. e5 d6 4. Nf3 Nc6 5. Bf4 Bg4 6. Be2 e6 7. h3 Bf5 8. Nc3
Nge7 9. Bb5 O-O 10. Bxc6 Nxc6 11. g4 dxe5 12. Bxe5 Nxe5 13. dxe5 Qxd1+ 14. Rxd1
Bxc2 15. Rd7 Rac8 16. h4 Rfd8 17. Rxd8+ Rxd8 18. Kf1 c5 19. Kg2 b6 20. Nb5 a6
21. Nc3 b5 22. a3 h5 23. gxh5 gxh5 24. Ne2 Be4 25. Nf4 Bxe5 26. Nxh5 Bxb2 27.
Rh3 Bxa3 28. Nf6+ Kg7 29. Nxe4 c4 30. Ne5 b4 31. Nxc4 Rd4 32. Rg3+ Kh6 33. Ncd2
b3 34. Rxb3 Bc1 35. Rf3 Bxd2 36. Nxd2 Rxd2 37. Rxf7 Kh5 38. Rf6 Rd6 39. Kg3 a5
40. Rf4 Rd3+ 41. f3 Ra3 42. Re4 a4 43. Rxe6 Ra1 44. Re5+ Kg6 45. h5+ Kh6 46. Kh4
a3 47. Re6+ 1-0

[Event "AUTO-ADV-1265"]
[Site "http://www.queenalice.com/game.php?id=560733"]
[Date "2009.3.24"]
[Round "1"]
[White "Shortquick"]
[Black "doriam"]
[Result "1-0"]
[WhiteElo "1875"]
[BlackElo "1674"]

1. d4 h6 2. c4 d5 3. Nc3 e6 4. Nf3 Bb4 5. cxd5 Bxc3+ 6. bxc3 exd5 7. e3 Nf6 8.
Bd3 Nc6 9. c4 O-O 10. O-O Ne4 11. Qb3 Ne7 12. Ba3 dxc4 13. Qxc4 Nd6 14. Qc2 Bf5
15. Bxf5 Nexf5 16. Bxd6 Nxd6 17. Ne5 c6 18. Rab1 Re8 19. Ng4 Qg5 20. Qd1 Ne4 21.
Rxb7 Reb8 22. Qb1 Re8 23. Qd1 c5 24. Ne5 Re7 25. Rxe7 Qxe7 26. Qc2 Nf6 27. Qxc5
Qxc5 28. dxc5 Rc8 29. c6 Ne4 30. Rd1 Nc3 31. Rd7 Nxa2 32. c7 Nb4 33. Rd8+ 1-0

[Event "Challenge"]
[Site "http://www.queenalice.com/game.php?id=658598"]
[Date "2009.9.26"]
[Round "-"]
[White "rodrigoma"]
[Black "doriam"]
[Result "1-0"]
[WhiteElo "1978"]
[BlackElo "1716"]

1. e4 d5 2. exd5 Qxd5 3. Nc3 Qd8 4. d4 h6 5. Nf3 Bg4 6. Be2 e6 7. O-O Nf6 8. Ne5
Bxe2 9. Qxe2 Qxd4 10. Rd1 Qb6 11. b3 Bc5 12. Bb2 O-O 13. Na4 Qa5 14. Nc4 Qb5 15.
Nxc5 Qxc5 16. Ba3 Qc6 17. Bxf8 Nbd7 18. Be7 b6 19. Bxf6 Nxf6 20. Ne5 Qc3 21.
Rab1 a5 22. Rd3 Qc5 23. c4 b5 24. cxb5 Nd5 25. Qf3 f6 26. Ng6 Re8 27. a4 Qc2 28.
Rbd1 Nb4 29. h3 Nxd3 30. Qxd3 Qc5 31. Qd7 Ra8 32. Qxe6+ Kh7 33. Qe4 f5 34. Qxa8
Kxg6 35. Qc6+ 1-0

[Event "Challenge"]
[Site "http://www.queenalice.com/game.php?id=658599"]
[Date "2009.9.26"]
[Round "-"]
[White "doriam"]
[Black "rodrigoma"]
[Result "1/2-1/2"]
[WhiteElo "1705"]
[BlackElo "1989"]

1. e4 e5 2. Bc4 Nf6 3. d3 Bc5 4. h3 O-O 5. a3 a6 6. Nf3 b5 7. Bd5 c6 8. Ba2 d6
9. b4 Bb6 10. Nc3 Ra7 11. Be3 Bxe3 12. fxe3 Re8 13. d4 Qb6 14. O-O Rae7 15. dxe5
dxe5 16. Qe2 Be6 17. Ng5 Bxa2 18. Rxa2 h6 19. Nf3 Nh5 20. Kh2 Nf6 21. Raa1 Qb7
22. Rad1 Rd7 23. Nh4 Rxd1 24. Nxd1 Re6 25. Nf2 Nbd7 26. Ng4 Nxg4+ 27. Qxg4 Nf6
28. Qg3 Nxe4 29. Qg4 Nf6 30. Qg3 Ne4 31. Qg4 Nf6 32. Qg3 Ne4 33. Qg4 1/2-1/2

[Event "Challenge"]
[Site "http://www.queenalice.com/game.php?id=664751"]
[Date "2009.10.9"]
[Round "-"]
[White "LKap"]
[Black "doriam"]
[Result "0-1"]
[WhiteElo "1590"]
[BlackElo "1712"]

1. e3 d5 2. d4 Nc6 3. Bb5 Bd7 4. Bxc6 Bxc6 5. Qg4 Nf6 6. Qf3 e6 7. Nc3 Bb4 8.
Bd2 e5 9. Nce2 Bxd2+ 10. Kxd2 Ne4+ 11. Ke1 exd4 12. Nxd4 Qd6 13. c3 O-O-O 14.
Qxf7 Rhf8 15. Qe6+ Qxe6 16. Nxe6 Nxf2 17. Nxf8 Rxf8 18. Nf3 Nxh1 19. Kf1 d4 20.
exd4 Bxf3 21. gxf3 Rxf3+ 22. Kg2 Rf2+ 23. Kxh1 Rxb2 24. a4 Rc2 25. Ra3 b6 26.
Rb3 a5 27. h4 Kd7 28. Kg1 Ke6 29. Kf1 Kf5 30. Ke1 Kg4 31. d5 Kxh4 32. d6 cxd6
33. Rxb6 g5 34. Rxd6 h5 35. Rd2 Rxc3 36. Ke2 Ra3 37. Kf2 Rxa4 38. Kg2 Ra3 39.
Rd5 g4 40. Rf5 Ra2+ 41. Kg1 Kg3 42. Rf1 h4 43. Kh1 h3 44. Rg1+ Kh4 45. Re1 a4
46. Rg1 a3 47. Rb1 Rb2 48. Rg1 a2 0-1

[Event "ACD 09-10"]
[Site "http://www.queenalice.com/game.php?id=670222"]
[Date "2009.10.20"]
[Round "-"]
[White "cerdany"]
[Black "doriam"]
[Result "0-1"]
[WhiteElo "1593"]
[BlackElo "1733"]

1. e4 d5 2. e5 d4 3. Nf3 Nc6 4. Bb5 Qd5 5. Qe2 e6 6. c3 dxc3 7. Nxc3 Qc5 8. d4
Qe7 9. d5 exd5 10. Nxd5 Qd7 11. Qe4 a6 12. Bxc6 bxc6 13. Ne3 Bb7 14. O-O O-O-O
15. Rd1 Qe8 16. Rxd8+ Qxd8 17. Bd2 g6 18. Bc3 Bg7 19. Rd1 Qe7 20. Qg4+ Kb8 21.
Nf5 Nh6 22. Qxg6 Nxf5 23. Qxf5 Rd8 24. Rxd8+ Qxd8 25. Bd4 c5 26. Bc3 Qd5 27. b3
f6 28. Qxh7 Bf8 29. exf6 Bd6 30. Qh8+ Ka7 31. f7 Qxf7 32. Ne5 Qd5 33. Nf3 Qd3
34. Qh5 Qxc3 35. Kh1 Qa1+ 36. Ng1 Qxa2 37. Qf7 Qd2 38. f3 Qh6 39. Nh3 Bc8 0-1

[Event "ACD 09-10"]
[Site "http://www.queenalice.com/game.php?id=670223"]
[Date "2009.10.20"]
[Round "-"]
[White "doriam"]
[Black "cerdany"]
[Result "1-0"]
[WhiteElo "1710"]
[BlackElo "1580"]

1. e4 e5 2. Nf3 Nc6 3. d4 d6 4. d5 Na5 5. Bd2 Nc4 6. Bxc4 a6 7. Nc3 f5 8. O-O f4
9. h3 h6 10. Nh2 Nf6 11. b4 b5 12. Bb3 Bd7 13. Ne2 Nxe4 14. Nc3 Nxd2 15. Qxd2
Qe7 16. Ne4 O-O-O 17. a4 Qh4 18. axb5 Bxb5 19. c4 f3 20. gxf3 Be8 21. Rxa6 Qxh3
22. Qa2 Qh5 23. Ba4 c6 24. Bxc6 Qg6+ 25. Ng4 Bxc6 26. dxc6 1-0

[Event "acd 09-10"]
[Site "http://www.queenalice.com/game.php?id=670232"]
[Date "2009.10.21"]
[Round "-"]
[White "doriam"]
[Black "xiao"]
[Result "1-0"]
[WhiteElo "1731"]
[BlackElo "1851"]

1. d4 Nf6 2. Nc3 d5 3. h3 e6 4. a3 c5 5. Bg5 Be7 6. Bxf6 Bxf6 7. e3 c4 8. Nf3
Nc6 9. b3 cxb3 10. cxb3 O-O 11. Bd3 e5 12. dxe5 Nxe5 13. Nxe5 Bxe5 14. Bxh7+
Kxh7 15. Qh5+ Kg8 16. Qxe5 Be6 17. O-O Re8 18. Qg3 Rc8 19. Ne2 Qf6 20. Nf4 Rc3
21. b4 d4 22. Rfe1 d3 23. Rad1 Rd8 24. Rd2 Rxa3 25. Red1 Bb3 26. Rxd3 Bxd1 27.
Rxa3 a6 28. e4 Rd4 29. Nh5 Qh6 30. Nf4 Rxe4 31. Nd5 Be2 32. Qb8+ Kh7 33. Qxb7
Qc1+ 34. Kh2 Rd4 35. Rc3 Qd2 36. Nf6+ Kg6 37. Rg3+ Kxf6 38. Qc7 Qxb4 39. f4 Rxf4
40. Qc6+ Ke7 41. Re3+ Kd8 42. Re8# 1-0

[Event "acd 09-10"]
[Site "http://www.queenalice.com/game.php?id=670233"]
[Date "2009.10.21"]
[Round "-"]
[White "doriam"]
[Black "pepeillo"]
[Result "0-1"]
[WhiteElo "1716"]
[BlackElo "1894"]

1. e4 e5 2. a3 Bc5 3. Nf3 Nf6 4. d3 Ng4 5. d4 exd4 6. Nxd4 Qh4 7. g3 Qf6 8. Qxg4
Bxd4 9. Qf4 Bxb2 10. Qxf6 Bxf6 11. Ra2 d6 12. Bb5+ c6 13. Bc4 Nd7 14. Bf4 d5 15.
exd5 Nb6 16. Nd2 Bc3 17. Bb3 Nxd5 18. Bxd5 cxd5 19. O-O Be6 20. Nf3 d4 21. Bd6
Bxa2 0-1

[Event "acd 09-10"]
[Site "http://www.queenalice.com/game.php?id=670234"]
[Date "2009.10.21"]
[Round "-"]
[White "doriam"]
[Black "din4"]
[Result "1-0"]
[WhiteElo "1743"]
[BlackElo "1326"]

1. e4 d5 2. e5 d4 3. Nf3 Bg4 4. h3 Bxf3 5. Qxf3 c6 6. Bc4 e6 7. c3 b5 8. Bd3 g6
9. h4 Bc5 10. Bxb5 Qb6 11. Bd3 Nd7 12. b4 Be7 13. Na3 Nxe5 14. Qe4 Nxd3+ 15.
Qxd3 O-O-O 16. Nc4 Qc7 17. a3 Nf6 18. cxd4 Qf4 19. Bb2 Ng4 20. Qf3 Qxf3 21. gxf3
Nf6 22. Ne5 Rhf8 23. Nxc6 Rd7 24. Rc1 Kb7 25. Ke2 Bd6 26. b5 Nd5 27. Na5+ Kb6
28. Nc4+ Kxb5 29. Nxd6+ Rxd6 30. a4+ Kb4 31. Ra1 Rc8 32. Ba3+ Kc4 33. Bxd6 Kxd4
34. a5 Nf6 35. f4 Ne4 36. Ra3 Nxd6 37. Rd3+ Kc5 38. Rc1+ 1-0

[Event "torneo acd 2009/10"]
[Site "http://www.queenalice.com/game.php?id=671232"]
[Date "2009.10.23"]
[Round "-"]
[White "franliro"]
[Black "doriam"]
[Result "1-0"]
[WhiteElo "1897"]
[BlackElo "1721"]

1. e4 e5 2. Nf3 Nc6 3. Bb5 Nf6 4. d3 Bd6 5. Bg5 h6 6. Bxf6 Qxf6 7. O-O Nd4 8.
Nxd4 exd4 9. Nd2 h5 10. Nf3 h4 11. e5 Bxe5 12. Nxe5 h3 13. g3 c6 14. Ng4 Qf5 15.
Re1+ Kd8 16. Re5 Qg6 17. Ba4 d6 18. Re4 d5 19. Rxd4 Bxg4 20. Rxg4 Qf6 21. Qc1
Qf3 22. Qf1 Qxg4 23. Bb3 Qf3 24. Re1 Re8 25. Rxe8+ Kxe8 26. Qxh3 Kd8 27. Qh8+
1-0

[Event "Aqui vale tooo..."]
[Site "http://www.queenalice.com/game.php?id=671400"]
[Date "2009.10.23"]
[Round "-"]
[White "din4"]
[Black "doriam"]
[Result "0-1"]
[WhiteElo "1347"]
[BlackElo "1731"]

1. e4 d5 2. e5 Nc6 3. Bb5 Bd7 4. Bxc6 Bxc6 5. d4 e6 6. Qf3 f6 7. Ne2 Bb4+ 8. c3
Be7 9. Qg4 g6 10. Qxe6 fxe5 11. dxe5 Ba4 12. b3 Bb5 13. Nd4 Qd7 14. Qxd7+ Bxd7
15. a4 O-O-O 16. Bh6 Nxh6 17. Nd2 Nf5 18. Nxf5 Bxf5 19. c4 dxc4 20. Nxc4 Bb4+
21. Ke2 Bd3+ 22. Ke3 Rhf8 23. f4 Bc5+ 24. Kf3 g5 25. e6 Rxf4+ 26. Kg3 Bf2+ 27.
Kh3 Rh4# 0-1

[Event "acd 2009"]
[Site "http://www.queenalice.com/game.php?id=671623"]
[Date "2009.10.23"]
[Round "-"]
[White "franliro"]
[Black "doriam"]
[Result "1-0"]
[WhiteElo "1895"]
[BlackElo "1741"]

1. e4 e5 2. Nf3 Nc6 3. Bb5 Nf6 4. O-O Bd6 5. Nc3 a6 6. Ba4 b5 7. Bb3 Bb7 8. d3
h6 9. a4 b4 10. Ne2 a5 11. Ng3 Nd4 12. Nxd4 exd4 13. Nf5 Bf8 14. Nxd4 Bc5 15.
Be3 Bb6 16. Nf5 Bxe3 17. fxe3 g6 18. Nd4 Qe7 19. Qf3 O-O-O 20. Qxf6 Rhe8 21.
Qxe7 Rxe7 22. Rxf7 Rxf7 23. Bxf7 g5 24. Bh5 c5 25. Nf5 d5 26. exd5 Bxd5 27. e4
Be6 28. Bg4 Bxf5 29. exf5 Kc7 30. Re1 Rd4 31. Re4 Rd6 32. Re6 Rd4 33. Bf3 b3 34.
Rc6+ Kd7 35. Rxc5 Rxa4 36. Bc6+ 1-0

[Event "acd 2009"]
[Site "http://www.queenalice.com/game.php?id=671624"]
[Date "2009.10.23"]
[Round "-"]
[White "doriam"]
[Black "franliro"]
[Result "0-1"]
[WhiteElo "1752"]
[BlackElo "1884"]

1. e4 c5 2. Nc3 Nc6 3. Bc4 Nf6 4. d3 e6 5. Nf3 d5 6. exd5 exd5 7. Bb5 Bd7 8.
Qe2+ Be7 9. Bxc6 Bxc6 10. Bg5 O-O 11. O-O Re8 12. Qd2 Qc7 13. Rae1 d4 14. Ne4
Nxe4 15. dxe4 Bxg5 16. Nxg5 h6 17. Nf3 Bxe4 18. c3 Bxf3 19. Rxe8+ Rxe8 20. gxf3
Re5 21. f4 dxc3 22. bxc3 Rf5 23. Re1 Qxf4 24. Qxf4 Rxf4 25. Re7 Ra4 26. Rxb7
Rxa2 27. Rc7 Ra5 28. Kg2 f5 29. c4 g5 30. h4 a6 31. hxg5 hxg5 32. Kg3 Kf8 33. f4
Ra3+ 34. Kf2 g4 35. Rxc5 Rf3+ 0-1

[Event "Challenge"]
[Site "http://www.queenalice.com/game.php?id=683145"]
[Date "2009.11.14"]
[Round "-"]
[White "thedead"]
[Black "doriam"]
[Result "0-1"]
[WhiteElo "1526"]
[BlackElo "1707"]

1. e4 d5 2. e5 e6 3. d4 f6 4. Nf3 c5 5. c3 cxd4 6. cxd4 Nc6 7. Bb5 Bd7 8. Nc3
Bb4 9. Nh4 fxe5 10. Qh5+ g6 11. Nxg6 Nf6 12. Qh4 hxg6 13. Qxh8+ Kf7 14. Qxd8
Rxd8 15. dxe5 Ne4 16. O-O Bxc3 17. bxc3 Nxc3 18. Bb2 Nxb5 0-1

[Event "Challenge"]
[Site "http://www.queenalice.com/game.php?id=703622"]
[Date "2009.12.26"]
[Round "-"]
[White "doriam"]
[Black "thedead"]
[Result "1-0"]
[WhiteElo "1723"]
[BlackElo "1520"]

1. e4 e5 2. d4 exd4 3. e5 Bb4+ 4. Bd2 Bxd2+ 5. Qxd2 c5 6. Bc4 Ne7 7. Qf4 O-O 8.
Nf3 Ng6 9. Qd2 Re8 10. Ng5 Rxe5+ 11. Kd1 Qxg5 12. Qxg5 Rxg5 13. g3 d5 14. f4 1-0

[Event "Challenge"]
[Site "http://www.queenalice.com/game.php?id=732297"]
[Date "2010.2.15"]
[Round "-"]
[White "cyrillt"]
[Black "doriam"]
[Result "0-1"]
[WhiteElo "1771"]
[BlackElo "1745"]

1. e4 d5 2. exd5 Qxd5 3. Nc3 Qd8 4. Bc4 e6 5. Nf3 Nf6 6. d4 Bb4 7. O-O c5 8. Be3
Bxc3 9. bxc3 cxd4 10. cxd4 a6 11. c3 Nc6 12. Bg5 h6 13. Bf4 Ne4 14. d5 Nxc3 15.
Qe1 Nxd5 16. Bxd5 Qxd5 17. Ne5 Nxe5 18. Bxe5 O-O 19. Qc3 f6 20. Bf4 e5 21. Rfd1
Qe4 22. Be3 b5 23. Rac1 Bb7 24. f3 Qg6 25. Bb6 e4 26. Qc2 f5 27. f4 Qxb6+ 28.
Kh1 Rac8 29. Qb3+ Kh7 30. Rxc8 Rxc8 31. Qh3 Qf2 32. Qxf5+ Kh8 33. h4 e3 34. Rg1
e2 35. Qb1 Qxh4# 0-1